[Event "AUTO-ADV-763"]
[Site "http://www.queenalice.com/game.php?id=378790"]
[Date "2008.3.29"]
[Round "2"]
[White "sunti_me"]
[Black "Paulsains"]
[Result "1-0"]
[WhiteElo "2067"]
[BlackElo "1939"]

1. e4 c5 2. d4 cxd4 3. c3 dxc3 4. Nxc3 e5 5. Bc4 Qc7 6. Qb3 d6 7. Nf3 Nc6 8. Nd5
Qd7 9. Be3 Nge7 10. Nb6 axb6 11. Bxf7+ 1-0

[Event "Challenge"]
[Site "http://www.queenalice.com/game.php?id=384549"]
[Date "2008.4.9"]
[Round "-"]
[White "MasonC"]
[Black "sunti_me"]
[Result "0-1"]
[WhiteElo "1704"]
[BlackElo "2118"]

1. d4 d5 2. c4 c6 3. cxd5 cxd5 4. Nc3 Nf6 5. Bf4 Nc6 6. Nf3 Bf5 7. e3 e6 8. Bd3
Bxd3 9. Qxd3 Bd6 10. Bxd6 Qxd6 11. O-O O-O 12. Nb5 Qe7 13. Ng5 Rac8 14. Rac1 Nb4
15. Qa3 a6 16. Nc3 Rc4 17. f4 Rfc8 18. Qb3 h6 19. Nf3 Nd3 20. Rc2 Ng4 0-1

[Event "cardi"]
[Site "http://www.queenalice.com/game.php?id=439686"]
[Date "2008.7.27"]
[Round "2"]
[White "sunti_me"]
[Black "yanpom"]
[Result "1-0"]
[WhiteElo "2136"]
[BlackElo "1915"]

1. e4 e5 2. Nf3 Nc6 3. Bb5 a6 4. Ba4 b5 5. Bb3 Bc5 6. O-O Nf6 7. c3 Ba7 8. d4 d6
9. dxe5 Nxe5 10. Nxe5 dxe5 11. Qxd8+ Kxd8 12. Bg5 Ke7 13. Nd2 h6 14. Bh4 g5 15.
Bg3 Nd7 16. Bd5 Rb8 17. a4 bxa4 18. Nc4 f6 19. Na5 Nb6 20. Nc6+ Kd6 21. Nxa7
Nxd5 22. Rfd1 Be6 23. exd5 Bd7 24. Rd2 Rb7 25. Nc6 Bxc6 26. dxc6+ Kxc6 27. Rxa4
Rhb8 28. Rxa6+ Rb6 29. Rxb6+ Rxb6 30. f3 Rb5 31. Bf2 Rd5 32. Rxd5 Kxd5 33. b3 e4
34. c4+ Ke5 35. Bg3+ Kd4 36. Bxc7 e3 37. Bb6+ Kd3 38. Bxe3 Kxe3 39. c5 1-0

[Event "Let's Play Chess!"]
[Site "http://www.queenalice.com/game.php?id=457832"]
[Date "2008.9.4"]
[Round "-"]
[White "sunti_me"]
[Black "CampbellMarcel"]
[Result "1-0"]
[WhiteElo "2141"]
[BlackElo "1817"]

1. e4 e5 2. Nf3 Nc6 3. Bb5 f5 4. Nc3 fxe4 5. Nxe4 d6 6. d4 a6 7. Bxc6+ bxc6 8.
dxe5 d5 9. Ng3 Bg4 10. O-O Bc5 11. Qd3 Ne7 12. h3 Be6 13. Ng5 Bf5 14. Nxf5 1-0

[Event "Let's Play Chess!"]
[Site "http://www.queenalice.com/game.php?id=468799"]
[Date "2008.9.26"]
[Round "-"]
[White "Andre251"]
[Black "sunti_me"]
[Result "0-1"]
[WhiteElo "1781"]
[BlackElo "2143"]

1. Nf3 d5 2. d3 Nf6 3. h3 Nc6 4. a3 e5 5. d4 Bd6 6. dxe5 Nxe5 7. Nxe5 Bxe5 8. c3
Bf5 9. f4 Ne4 10. g3 Nxg3 11. fxe5 Nxh1 12. Be3 Qh4+ 13. Kd2 Qe4 14. a4 Ng3 15.
Na3 O-O-O 16. Nc2 Nxf1+ 17. Qxf1 Qxc2+ 18. Ke1 g6 19. Rc1 Qxb2 20. Kf2 Kb8 21.
a5 Qa3 22. Ra1 Qxc3 23. a6 Bxh3 24. Qh1 Qxe5 25. axb7 d4 26. Bd2 Bg4 27. Re1 d3
28. exd3 Qb2 29. Kg3 Qxd2 30. Kxg4 h5+ 31. Kh4 Rd4+ 32. Re4 g5+ 33. Kg3 Rxd3+
34. Qf3 h4+ 35. Kg4 f5+ 36. Qxf5 Qg2# 0-1

[Event "Let's Play Chess!"]
[Site "http://www.queenalice.com/game.php?id=487273"]
[Date "2008.11.4"]
[Round "-"]
[White "dnptrs"]
[Black "sunti_me"]
[Result "0-1"]
[WhiteElo "2017"]
[BlackElo "2144"]

1. d4 Nf6 2. Nf3 g6 3. g3 Bg7 4. Bg2 O-O 5. c4 d6 6. Nc3 Bg4 7. O-O Qd7 8. b3
Bh3 9. Bxh3 Qxh3 10. Ng5 Qh5 11. Nd5 Nxd5 12. cxd5 h6 13. Nf3 Qxd5 14. Qd3 Nc6
15. e4 Qh5 16. Bd2 e6 17. Rac1 Rac8 18. b4 f5 19. d5 fxe4 20. Qxe4 exd5 21. Qe6+
Kh7 22. Nh4 Nd4 0-1

[Event "Let's Play Chess!"]
[Site "http://www.queenalice.com/game.php?id=494430"]
[Date "2008.11.17"]
[Round "-"]
[White "sunti_me"]
[Black "lekobr"]
[Result "1-0"]
[WhiteElo "2151"]
[BlackElo "1683"]

1. e4 e5 2. Nf3 Nc6 3. Bb5 a6 4. Ba4 Nf6 5. O-O b5 6. Bb3 Be7 7. Re1 O-O 8. d3
h6 9. Be3 d6 10. h3 Na5 11. c3 Nxb3 12. Qxb3 c5 13. Qc2 Bb7 14. Nbd2 Qc7 15. Nf1
d5 16. exd5 Nxd5 17. Ng3 Nxe3 18. Rxe3 Bd6 19. Ne4 Bxe4 20. Rxe4 Rfe8 21. Rae1
Re7 22. Nh4 Qd7 23. Nf3 Rae8 24. a3 Qc6 25. Nh4 Qd7 26. Nf3 Qc6 27. c4 bxc4 28.
dxc4 Bc7 29. Nh4 Qe6 30. f4 Qf6 31. fxe5 Rxe5 32. Rxe5 Rxe5 33. Rxe5 Qxe5 34.
Nf3 Qd6 35. b3 g5 36. Qf5 Qd1+ 37. Kf2 Qd6 38. a4 Ba5 39. Ne5 Qd2+ 40. Kg3 Qf4+
41. Qxf4 gxf4+ 42. Kxf4 Bc7 43. Kf5 Bxe5 44. Kxe5 Kg7 45. Kd5 Kg6 46. Kxc5 Kf5
47. Kd4 1-0

[Event "Let's Play Chess!"]
[Site "http://www.queenalice.com/game.php?id=494431"]
[Date "2008.11.17"]
[Round "-"]
[White "Zhara"]
[Black "sunti_me"]
[Result "1-0"]
[WhiteElo "1500"]
[BlackElo "2153"]

1. e4 e5 2. Nf3 Nc6 3. Bb5 a6 4. Ba4 Nf6 5. O-O Be7 6. Re1 b5 7. Bb3 O-O 8. h3
d6 9. c3 Re8 10. d4 exd4 11. cxd4 Na5 12. Bc2 Bb7 13. Nbd2 Bf8 14. b3 h6 15. Bb2
Nc6 16. Rc1 Rc8 17. Bb1 Qd7 18. Nf1 Na5 19. d5 c6 20. Bxf6 gxf6 21. Qd3 Bg7 22.
Ne3 cxd5 23. e5 fxe5 24. Qh7+ Kf8 25. Nf5 1-0

[Event "AUTO-OPEN-1350"]
[Site "http://www.queenalice.com/game.php?id=499919"]
[Date "2008.11.29"]
[Round "1"]
[White "sunti_me"]
[Black "Soulpower74"]
[Result "1-0"]
[WhiteElo "2153"]
[BlackElo "2040"]

1. e4 c5 2. d4 cxd4 3. c3 dxc3 4. Nxc3 g6 5. Bc4 Bg7 6. Nf3 d6 7. e5 a6 8. O-O
Qc7 9. Bb3 dxe5 10. Nd5 Qd6 11. Bg5 Be6 12. Bxe7 Qc6 13. Rc1 Nxe7 14. Rxc6 Bxd5
15. Rd6 1-0

[Event "AUTO-OPEN-1350"]
[Site "http://www.queenalice.com/game.php?id=499920"]
[Date "2008.11.29"]
[Round "1"]
[White "Soulpower74"]
[Black "sunti_me"]
[Result "1-0"]
[WhiteElo "2039"]
[BlackElo "2166"]

1. d4 Nf6 2. c4 g6 3. Nc3 Bg7 4. e4 d6 5. f3 O-O 6. Be3 e5 7. d5 c6 8. Qd2 Bd7
9. Bd3 Na6 10. h4 Nb4 11. Be2 cxd5 12. Nxd5 Nbxd5 13. cxd5 a6 14. Bg5 Rc8 15. h5
gxh5 16. Rxh5 b5 17. Rh4 Qb6 18. Be3 Qb7 19. Nh3 Bxh3 20. Rxh3 Rc7 21. Kf2 Rfc8
22. Bd3 Nd7 23. Rah1 Nf8 24. Qb4 Rd8 25. Bh6 Qa7+ 26. Kg3 Rdd7 27. Qd2 f6 28.
Be3 Qb8 29. Qf2 a5 30. Rc1 b4 31. Rhh1 a4 32. Bb6 Rb7 33. Rc6 Ng6 34. Rhc1 Kf7
35. Rc8 Rxb6 36. Rxb8 Rxb8 37. Rc6 Nf4 38. Bf1 Bh6 39. Qc2 1-0

[Event "cardi"]
[Site "http://www.queenalice.com/game.php?id=533480"]
[Date "2009.2.2"]
[Round "3"]
[White "Gil"]
[Black "sunti_me"]
[Result "1-0"]
[WhiteElo "2280"]
[BlackElo "2152"]

1. d4 d5 2. Nf3 Bg4 3. e3 Nf6 4. h3 Bh5 5. Be2 e6 6. O-O a6 7. c4 c5 8. Qb3 Nc6
9. dxc5 Bxc5 10. cxd5 Nxd5 11. Rd1 O-O 12. Nc3 Nce7 13. Qxb7 Bb6 14. Na4 a5 15.
e4 Ra7 16. Qxb6 Qxb6 17. Nxb6 Nxb6 18. Be3 Rb7 19. g4 Bg6 20. Ba6 Rbb8 21. Bc5
Rfe8 22. Bb5 Bxe4 23. Ne5 Ned5 24. Bxe8 Rxe8 25. Bxb6 Nxb6 26. Rac1 f6 27. Rd6
Nd5 28. Rxe6 Kf8 29. Rxe8+ Kxe8 30. Nc4 a4 31. Nd6+ 1-0

[Event "Playtime"]
[Site "http://www.queenalice.com/game.php?id=549586"]
[Date "2009.3.3"]
[Round "-"]
[White "Granger2009"]
[Black "sunti_me"]
[Result "1-0"]
[WhiteElo "1893"]
[BlackElo "2144"]

1. d4 d5 2. Bg5 Nf6 3. f3 e6 4. e4 dxe4 5. fxe4 Be7 6. Bxf6 Bxf6 7. c3 e5 8. Nf3
Bg4 9. d5 O-O 10. Nbd2 c6 11. c4 Na6 12. a3 Nc5 13. b4 Nd7 14. Be2 Rc8 15. O-O
a5 16. h3 Bh5 17. Nh2 Bg6 18. Ng4 Bh5 19. Nxf6+ Nxf6 20. Bxh5 Nxh5 21. Qxh5 cxd5
22. cxd5 Rc2 23. Nf3 axb4 24. axb4 f6 25. Qg4 Qb6+ 26. Kh1 Qxb4 27. Nh4 Rfc8 28.
Nf5 R8c7 29. Ra8+ Rc8 30. Qxg7# 1-0

[Event "AUTO-OPEN-1350"]
[Site "http://www.queenalice.com/game.php?id=578767"]
[Date "2009.4.27"]
[Round "2"]
[White "igorzz"]
[Black "sunti_me"]
[Result "1-0"]
[WhiteElo "2266"]
[BlackElo "2077"]

1. e4 e5 2. Nf3 Nc6 3. Bb5 a6 4. Ba4 b5 5. Bb3 Bc5 6. c3 Qf6 7. O-O Nge7 8. a4
Bb7 9. axb5 axb5 10. Rxa8+ Bxa8 11. Qe2 b4 12. Qb5 Bd6 13. d4 exd4 14. Bg5 Qg6
15. e5 Bxe5 16. Nxe5 Qxg5 17. Bxf7+ Kf8 18. Nxd7+ 1-0

[Event "AUTO-OPEN-1350"]
[Site "http://www.queenalice.com/game.php?id=578768"]
[Date "2009.4.27"]
[Round "2"]
[White "sunti_me"]
[Black "igorzz"]
[Result "0-1"]
[WhiteElo "2124"]
[BlackElo "2245"]

1. e4 e5 2. Nf3 Nc6 3. Bb5 a6 4. Bxc6 dxc6 5. O-O Bg4 6. d3 Bc5 7. h3 Bxf3 8.
Qxf3 Nf6 9. Re1 Nd7 10. Bg5 Qxg5 11. Nd2 Qxd2 12. Re2 Qf4 0-1

[Event "cardi"]
[Site "http://www.queenalice.com/game.php?id=583496"]
[Date "2009.5.5"]
[Round "4"]
[White "sunti_me"]
[Black "REUSKING"]
[Result "0-1"]
[WhiteElo "2100"]
[BlackElo "1939"]

1. e4 e5 2. Nf3 Nf6 3. Nxe5 d6 4. Nf3 Nxe4 5. Qe2 Qe7 6. d3 Nf6 7. Bg5 Qxe2+ 8.
Bxe2 Be7 9. O-O O-O 10. Re1 Nc6 11. Nbd2 Bf5 12. Nh4 Bd7 13. c3 h6 14. Be3 Nd5
15. Bd4 Bxh4 0-1